| 000 | 01088nab a22002297i 4500 | ||
|---|---|---|---|
| 001 | 768714001 | ||
| 003 | CO-MdFUSB | ||
| 005 | 20240612171228.0 | ||
| 008 | 240612t1963 sp ||||| |||| 00| 0 spa d | ||
| 040 |
_bspa _cCO-MdFUSB _dCO-MdFUSB |
||
| 041 | _aspa | ||
| 100 |
_aPereña Luis, Jesus, _eautor |
||
| 245 |
_aCrítica de un postulado teológico _c/ Jesús Pereña Luis |
||
| 520 | _aLa doctrina del Angélico, es aquí tan clara que cualquier desviación o adición a su pensamiento nos parece casi incomprensible. Este artículo simplemente considera las causas que han originado tanta confusión en un pasaje del Tratado de la Ciencia Divina, que Santo Tomás dejó muy claramente ordenado en muchos lugares. | ||
| 650 | 7 |
_aTeología dogmática _96937 |
|
| 650 | 7 |
_aDios _9178 |
|
| 650 | 7 |
_aFe _9531 |
|
| 653 | _aDoctrina de Santo Tomás | ||
| 773 | 0 |
_070126 _982758 _dSalamanca, España : _oR2633 _tSalmanticensis _w(CO-MdFUSB)768714001 _gVolumen 10, (fascículo 3, 1963) páginas: 635 - 656 _qpágina: 635 |
|
| 942 | _cANA | ||
| 945 | _aCatherine Arias Álvarez - Practicante SENA | ||
| 999 |
_c70181 _d70181 |
||